000
002960000a22001330004500
041
0
_a
SPA
082
0
4
_a
G 819.91 C297s
100
1
_a
Carpentier, Alejo (1904- )
245
1
0
_a
El siglo de las luces / Alejo Carpentier
260
_a
[S.L] : Faro
300
_a
423 Pag
001
10880
942
_c
BK
999
_c
40300
_d
40300